000 00765cam a22002051 4500
001 ne 63000599
003 DLC
005 20260227111743.0
008 820621m19601963ua 000 0 ararc
010 _ane 63000599
035 _a(OCoLC)8534500
040 _aPrinceton Univ. Libr.
_cTU
_dTU
_dDLC
042 _apremarc
050 0 0 _aPJ6106
_b.H35
100 1 _aḤasan, ʻAbbās.
245 1 3 _aal-Naḥw al-wāfī,
_bal-qism al-mūjaz li-ṭalabat al-jāmiʻāt wa-al-mufaṣṣal lil-asātidhah wa-al-mutakhaṣṣiṣīn maʻ rabṭihi bi-al-asālīb al-rafīʻah wa-al-ḥayāt al-lughawīyah al-Mutjaddidah.
_ctaʼlīf ʻAbbās Ḥasan.
260 _aMiṣr,
_bDār al-Maʻearif
_c[1960-1963]
300 _a4 v.
_c24 cm.
650 0 _aArabic language
_xGrammar.
999 _c45706
_d45706